Quizzes
Events
Quiz Creation
Community
Videos
Private Events
Remove Ads
Sign In
Join for FREE
Feedback
Dark Mode
Quiz Categories
Sports
Geography
Music
Movies
Television
Just For Fun
Miscellaneous
History
Literature
Language
Science
Gaming
Entertainment
Religion
Holiday
For Kids
Quiz Lab
Recent
Popular Today
Quiz Kudos Today
Editor Picks
Curator Picks
Quizzes by...
Day
Popularity
Type
Ratings
Length
Year
Community
Subscriptions
Recent Discussions
Orange Saloon
Badges
Playlists
Quests
Create
Leaderboards
Showdown
Live 5
Trivia Bingo
Activity
Puzzle Library
Sporcle Events
Private Events
Virtual Trivia
Globe League
Become a Host
Pub Owners
SporcleCon
Opinionation
Our Games
Videos
Blog
Mobile Apps
Partnerships
Remove Ads and Go Orange
Feedback
Sports
Athletes
MLB
NBA
NHL
NFL
Soccer
Sports Teams
WWE
NCAA
Football
Premier League
Basketball
Baseball
Hockey
Golf
Tennis
Cricket
Rugby
Auto Racing
Olympics
World Cup
Sports
Athletes
MLB
NBA
NHL
NFL
Soccer
Sports Teams
WWE
NCAA
Football
Premier League
Basketball
Baseball
Hockey
Golf
Tennis
Cricket
Rugby
Auto Racing
Olympics
World Cup
Random Quiz
Search Sporcle
×
Quiz Lab
Quiz Lab
Sports
Type in answers that appear in a list
Type in answers that appear in a list
Classic
Best Score? Go Orange.
Champions League & Europa League Teams Stats
Can you name the Champions League & Europa League Teams?
By
JakePFC
15m
185 Questions
768 Plays
768 Plays
768 Plays
Comments
Comments
Give Quiz Kudos
Give Quiz Kudos
-
- Ratings
hide this ad
Replay
Link that replays current quiz
Next Quiz
Link to next quiz in quiz playlist
You Got
0%
They Got
Avg Score
31%
Avg Friend Score
Upgrade to see
Score Distribution
Jump to the score distribution portion of the page
Score
0/185
Timer
15:00
0
Plays Today
Competition
Team
% Correct
CL Group-
Stage
Real Madrid
82.5%
CL Group-
Stage
Manchester United
81%
CL Group-
Stage
Chelsea
80.8%
CL Group-
Stage
FC Barcelona
79.9%
CL Group-
Stage
AC Milan
79.5%
CL Group-
Stage
Arsenal
79.3%
CL Group-
Stage
FC Internazionale
79.1%
CL 3rd QF Round
Ajax
78.4%
EL Play-
Off Round
Manchester City
77.3%
CL 3rd QF Round
Celtic
77.1%
CL Play-
Off Round
Tottenham Hotspur
76.5%
CL Group-
Stage
Olympique Lyonnais
75%
CL Group-
Stage
Rangers
74.4%
EL 3rd QF Round
Juventus
73.6%
EL Play-
Off Round
FC Porto
73.5%
CL Group-
Stage
SL Benfica
72.9%
EL 3rd QF Round
Liverpool
72.7%
EL Play-
Off Round
PSV Eindhoven
72%
CL Group-
Stage
Valencia
71.9%
CL Group-
Stage
AS Roma
71.9%
CL Group-
Stage
FC Bayern Munich
71.5%
CL 3rd QF Round
Zenit St. Petersburg
71.2%
CL Group-
Stage
Olympique Marseille
69.9%
EL 3rd QF Round
Slovan Bratislava
69.5%
EL Play-
Off Round
CSKA Moscow
69.2%
EL 2nd QF Round
Olympiacos
67.6%
CL 3rd QF Round
Dynamo Kyiv
67.3%
CL Play-
Off Round
Sevilla
67.1%
EL Group-
Stage
Atletico Madrid
66.4%
EL 3rd QF Round
Galatasaray
66.1%
CL 3rd QF Round
Fenerbahçe
66%
EL 3rd QF Round
Sporting CP
65.8%
CL Group-
Stage
Shakhtar Donetsk
63.1%
CL 3rd QF Round
RSC Anderlecht
63%
CL 3rd QF Round
FC Basel
63%
EL Play-
Off Round
Borussia Dortmund
63%
CL Group-
Stage
Panathinaikos
61.8%
CL 3rd QF Round
SC Braga
60.1%
EL 2nd QF Round
Beşiktaş
59.6%
CL 3rd QF Round
FC Copenhagen
59.5%
CL Group-
Stage
Spartak Moscow
59.5%
EL Play-
Off Round
AEK Athens
59.2%
EL Play-
Off Round
Napoli
58.6%
CL Group-
Stage
FC Schalke 04
58.2%
CL Group-
Stage
FC Twente
57.4%
EL Play-
Off Round
Feyenoord
55.7%
CL Group-
Stage
CFR Cluj
55.2%
CL 2nd QF Round
Sparta Prague
54.6%
EL Play-
Off Round
Bayer Leverkusen
54.4%
EL 3rd QF Round
AZ Alkmaar
54.1%
EL Play-
Off Round
Lille OSC
52.7%
CL 3rd QF Round
Young Boys
51.4%
CL 2nd QF Round
Dinamo Zagreb
50.8%
CL Group-
Stage
FC Rubin Kazan
50.8%
EL Play-
Off Round
Villarreal
50.7%
CL Play-
Off Round
SV Werder Bremen
48.9%
EL 3rd QF Round
KRC Genk
45.9%
CL 2nd QF Round
FC BATE Borisov
45.8%
EL 3rd QF Round
Red Star Belgrade
45.8%
EL 2nd QF Round
APOEL
45.6%
CL 3rd QF Round
PAOK
45.1%
EL Play-
Off Round
Club Brugge
45.1%
Competition
Team
% Correct
CL 2nd QF Round
FK Partizan
44.3%
CL 2nd QF Round
Rosenborg BK
43.1%
CL 2nd QF Round
Red Bull Salzburg
43%
CL 2nd QF Round
Hapoel Tel Aviv
42.6%
EL 2nd QF Round
SK Rapid Wien
41.7%
CL Play-
Off Round
Sampdoria
41.3%
EL 3rd QF Round
CSKA Sofia
41.2%
CL 3rd QF Round
KAA Gent
41%
CL Group-
Stage
Bursaspor
40.1%
EL Play-
Off Round
Steaua Bucureşti
39.3%
EL Play-
Off Round
Paris Saint-Germain
38.7%
EL Play-
Off Round
Trabzonspor
37.8%
EL 3rd QF Round
VfB Stuttgart
37.1%
EL 2nd QF Round
Maccabi Tel Aviv
36.1%
EL Play-
Off Round
Lokomotiv Moscow
36.1%
EL 3rd QF Round
Maccabi Haifa
35.3%
CL 2nd QF Round
HJK Helsinki
34.6%
EL Play-
Off Round
Aston Villa
33.3%
EL 2nd QF Round
FK Austria Wien
33.2%
CL 2nd QF Round
Lech Poznań
32.5%
CL Play-
Off Round
AJ Auxerre
31.6%
EL Play-
Off Round
Dundee United
31%
EL 2nd QF Round
Levski Sofia
30.1%
EL Play-
Off Round
Grasshopper
29.8%
CL 2nd QF Round
AIK
28.9%
CL 2nd QF Round
The New Saints
28.2%
EL Play-
Off Round
Palermo
27.1%
EL 2nd QF Round
NK Maribor
26.5%
EL 3rd QF Round
Hajduk Split
26.5%
CL 2nd QF Round
Debrecen
26%
EL 3rd QF Round
Hibernian
25.5%
EL 2nd QF Round
Shamrock Rovers
24.3%
EL 2nd QF Round
Molde FK
24.3%
CL 2nd QF Round
FC Sheriff Tiraspol
23%
EL 2nd QF Round
Motherwell
22.7%
EL 2nd QF Round
Wisła Kraków
22.6%
EL 3rd QF Round
Montpellier
22.6%
EL 2nd QF Round
Brøndby IF
22.5%
CL 2nd QF Round
MSK Žilina
22.1%
EL 3rd QF Round
FC Dnipro Dnipropetrovsk
21.8%
CL 3rd QF Round
Unirea Urziceni
21.3%
EL 3rd QF Round
Sturm Graz
20.4%
EL 2nd QF Round
Valletta
20.1%
CL 2nd QF Round
Dinamo Tirana
18.8%
EL 2nd QF Round
FC Utrecht
18.7%
EL 2nd QF Round
Dinamo Bucureşti
18.3%
EL Play-
Off Round
Metalist Kharkiv
18.2%
EL 3rd QF Round
IFK Göteborg
18%
CL 2nd QF Round
Bohemians
17.5%
CL 2nd QF Round
Linfield
16.6%
EL 2nd QF Round
Dinamo Minsk
16.5%
EL 3rd QF Round
Aris Thessaloniki FC
16.3%
EL Play-
Off Round
Getafe
15.6%
EL 3rd QF Round
Odense Boldklub
14.1%
CL 2nd QF Round
FC Levadia Tallinn
14%
CL 2nd QF Round
AC Omonia
13.1%
EL 3rd QF Round
Viktoria Plzeň
12.7%
CL 2nd QF Round
PFC Litex Lovech
12.4%
CL 1st QF Round
Birkirkara
11.8%
EL 2nd QF Round
FK Baku
11.8%
EL 3rd QF Round
Apollon
10.1%
EL 2nd QF Round
CS Marítimo
9.7%
Competition
Team
% Correct
EL 2nd QF Round
FC Vaduz
9%
EL 3rd QF Round
Timişoara
8.9%
EL 2nd QF Round
Videoton
8.8%
CL 1st QF Round
FC Santa Coloma
8.4%
CL 2nd QF Round
FC Aktobe
8.4%
EL 2nd QF Round
FK Ventspils
8.4%
EL 3rd QF Round
Nordsjælland
8%
CL 2nd QF Round
FC Inter Baku
7.7%
CL 2nd QF Round
Pyunik
7.6%
EL 2nd QF Round
Karpaty Lviv
7.6%
EL 2nd QF Round
Budućnost Podgorica
7.6%
CL 1st QF Round
SP Tre Fiori
7.3%
CL 2nd QF Round
FK Željezničar Sarajevo
7.2%
EL 2nd QF Round
Lausanne-Sport
6.8%
EL 2nd QF Round
SP Tre Penne
6.8%
EL 2nd QF Round
IF Elfsborg
6.4%
EL 3rd QF Round
Inter Turku
6.1%
EL 3rd QF Round
FC Luzern
6%
EL 2nd QF Round
Bangor City
5.5%
EL 2nd QF Round
Baník Ostrava
5.4%
EL 2nd QF Round
Cliftonville
5.2%
EL 2nd QF Round
Cercle Brugge
5.2%
EL 2nd QF Round
Differdange 03
5.1%
CL 2nd QF Round
Fimleikafélag Hafnarfjarðar
4.8%
CL 2nd QF Round
HB Tórshavn
4.8%
EL Play-
Off Round
Vaslui
4.7%
CL 2nd QF Round
FK Ekranas
4.2%
CL 2nd QF Round
Jeunesse Esch
4.2%
CL 2nd QF Round
FC Koper
3.9%
EL 2nd QF Round
Víkingur Gøta
3.7%
EL 3rd QF Round
Jablonec
3.3%
CL 2nd QF Round
FK Liepājas Metalurgs
3.1%
EL 2nd QF Round
Sūduva Marijampolė
2.7%
EL 3rd QF Round
Jagiellonia
2.6%
EL 2nd QF Round
Borac Banja Luka
2.4%
EL 3rd QF Round
Aalesunds FK
2.4%
EL 2nd QF Round
UE Sant Julia
2.2%
EL 3rd QF Round
Sibir Novosibirsk
2.2%
EL 2nd QF Round
FC Honka
2.1%
EL 2nd QF Round
Stabæk
2.1%
EL 3rd QF Round
PFC Beroe Stara Zagora
1.8%
EL 2nd QF Round
Breiðablik
1.7%
CL 2nd QF Round
FK Renova
1.6%
EL 2nd QF Round
Dukla Banská Bystrica
1.6%
EL 2nd QF Round
ND Gorica
1.4%
CL 2nd QF Round
Olimpi Rustavi
1.3%
EL 2nd QF Round
OFK Beograd
1.2%
EL 2nd QF Round
Mika
1.2%
EL 2nd QF Round
Sporting Fingal
1.2%
EL Play-
Off Round
Tavriya Simferopol
1.2%
EL 2nd QF Round
Cibalia
0.8%
EL 2nd QF Round
WIT Georgia
0.8%
CL 1st QF Round
FK Rudar Pljevljar
0.5%
EL 2nd QF Round
FK Jelgava
0.5%
EL 2nd QF Round
Siauliai
0.5%
EL 2nd QF Round
Besa Kavajë
0.4%
EL 2nd QF Round
Spartak Zlatibor Voda
0.4%
EL 2nd QF Round
FC Iskra-Stal
0.4%
EL 2nd QF Round
Teteks
0.4%
EL 2nd QF Round
Sillamäe Kalev
0.3%
EL 2nd QF Round
FC Atyrau
0.3%
Quiz Playlist
Details
Report
Send in Message
Add To Playlist
Classic:
Type in answers that appear in a list
Last Updated: Apr 23, 2017
Quiz Scoreboard
CHALLENGE
Sign Up to Join the Scoreboard
Show All
Scores
Hide
Comments
May contain spoilers
Recently Published
An Introduction to Baseball
by treessimontrees
Sports
5m
Movies - When Are They Set?
by FPL_Elf
Movies
5m
Popular People in 1961
by mucciniale
History
6m
More to Explore
Quiz From the Vault
Featured Blog Post
Where Did the Easter Bunny Come From?
hide this ad
You Might Also Like...
Tags
This quiz does not have any tags.
Today's Top Quizzes in Sports
Browse Sports
hide this ad
Top Contributed Quizzes in Sports
1
Les meilleurs buteurs des matchs entre le PSG et l’OM
2
2022 World Cup Stars
3
FIFA Club World Cup Champions
4
Les entraîneurs de l'OM et du PSG au 21e siècle
5
Name the Premier League winners with different clubs
6
La finale Lions - Afrique du Sud 2021
7
Criteria MLB: Left Handed Sluggers
8
Les joueurs passés par le LOSC et le RC Lens
9
Players with Multiple 50 Home Run Seasons
10
MLB Players with Two .350 Batting Average Seasons
Explore More
Trending Topics
Harry Potter
Disney
Kpop
NBA
Marvel
Anime
Crossword
WWE
The Office
Song
Soccer
NFL
Country
Puzzle
Pokémon
hide this ad
More By:
JakePFC
Quiz
Plays
Rating
Category
Featured
Created
English Football Clubs
856,016
4.58
Sports
Oct 9, 2009
Premier League Winners' First XI
555,392
4.46
Sports
Sep 13, 2010
English Football Champions
288,921
4.77
Sports
Nov 21, 2009
Premier League Relegated Clubs
187,269
4.64
Sports
May 1, 2010
FA Cup Winning XIs
82,829
4.39
Sports
Apr 9, 2010
Go to Creator's Profile
Score Distribution
Quiz Creator Spotlight
JakePFC
Follow
Send a Message
Quizzes Created
-
Created Quiz Play Count
-
More By This Creator
Popular Quizzes Today
1
Find the Countries of Europe - No Outlines Minefield
2
Find the US States - No Outlines Minefield
3
The Countries of the World
4
Popular People in 1961
5
US States
6
1-10 Letter E Words III
7
Find the US States
8
Risky Map Clicking: Biggest States A-Z
More Sports Quizzes
Can YOU Name ESPN's 2018-2019 Top 100 NBA Players?
Quiz Lab
Trending Quizzes
Risky Map Clicking: Least Populous States A-Z
1-10 Letter F Words
1-10 Letter G Words
One Thing in Common: United Kingdom
Risky Map Clicking: Next State Alphabetically
Recently Updated
Leaping Animals
pecheneg
Reality TV Shows (A-Z)
bhenderson79
Rickey Henderson's Hall of Fame Teammates
pecheneg
Champions League XIs: Arsenal
pecheneg
Quick Pick: Celebrities in WWE's Hall of Fame
aduchscher
A-Z Keypad Blitz II
pecheneg
Multiple Oscar Actors
pecheneg
Mystery Phrase Blitz: Oscar 'Best Actors'
pecheneg
F. Scott Fitzgerald Novels
LTH
Pick 3 Villains
ddd62291
Trending Topics
Crossword
Harry Potter
Kpop
Anime
NBA
Marvel
Disney
Pokémon
Soccer
Puzzle
NFL
The Office
WWE
Country
Song
Your Account Isn't Verified!
In order to create a playlist on Sporcle, you need to verify the email address you used during registration. Go to your
Sporcle Settings
to finish the process.
Report this User
Report this user for behavior that violates our
Community Guidelines
.
Details:
Send Report
Go to the Sporcle.com Mobile Site →
Comments